| 000 | 00431nam a2200145 4500 | ||
|---|---|---|---|
| 001 | 148382 | ||
| 003 | ES-MaACL | ||
| 007 | t| | ||
| 008 | 070214s1974 sp r ||||1| spa d | ||
| 100 | 1 |
_aSteggink, Otger. _9108005 |
|
| 245 | 1 | 0 |
_aExperiencia y realismo en Santa Teresa y San Juan de la Cruz / _cOtger Steggink. |
| 260 |
_aMadrid : _bEspiritualidad, _c1974. |
||
| 300 |
_a184 p. ; _c17 cm. |
||
| 852 |
_aES-MaACL _jE-6201 _bR.90273 |
||
| 999 |
_c148382 _d148382 |
||